Políticas de población y desarrollo económico : (Registro nro. 5724)

Detalles MARC
000 -LEADER
fixed length control field 01212nam a2200253Ia 4500
003 - CONTROL NUMBER IDENTIFIER
control field OSt
005 - DATE AND TIME OF LATEST TRANSACTION
control field 20200429105645.0
008 - FIXED-LENGTH DATA ELEMENTS--GENERAL INFORMATION
fixed length control field 191128s1975 sp gr 000 0dspa d
020 ## - INTERNATIONAL STANDARD BOOK NUMBER
International Standard Book Number 8430906053
040 ## - CATALOGING SOURCE
Original cataloging agency CO-JMCR
Transcribing agency CO-JMCR
041 0# - LANGUAGE CODE
Language code of text/sound track or separate title spa
082 04 - DEWEY DECIMAL CLASSIFICATION NUMBER
Classification number 304.6 /
Item number B155p
100 1# - MAIN ENTRY--PERSONAL NAME
Personal name King, Timothy,
Relator term coordinador
9 (RLIN) 3613
245 #0 - TITLE STATEMENT
Title Políticas de población y desarrollo económico :
Remainder of title informe del Banco Mundial /
Statement of responsibility, etc. coordinador, Timothy King
260 ## - PUBLICATION, DISTRIBUTION, ETC.
Place of publication, distribution, etc. Madrid :
Name of publisher, distributor, etc. Tecnos,
Date of publication, distribution, etc. 1975
300 ## - PHYSICAL DESCRIPTION
Extent 223 páginas ;
Dimensions 23 cm.
490 0# - SERIES STATEMENT
Series statement Banco mundial
504 ## - BIBLIOGRAPHY, ETC. NOTE
Bibliography, etc. note Incluye bibliografía.
505 ## - FORMATTED CONTENTS NOTE
Formatted contents note Tendencias demográficas recientes y perspectivas futuras -- Efecto del crecimiento demográfico sobre el desarrollo económico -- Efecto del desarrollo económico sobre la fecundidad -- Políticas para disminuir la fecundidad en los países en desarrollo
520 ## - SUMMARY, ETC.
Summary, etc. He aquí la última y más autorizada información al alcance de cualquier lector sobre el crecimiento de la población mundial, su efecto sobre los esfuerzos para combatir la pobreza y mejorar el nivel de vida.
650 14 - SUBJECT ADDED ENTRY--TOPICAL TERM
Topical term or geographic name entry element Desarrollo económico
9 (RLIN) 3614
650 24 - SUBJECT ADDED ENTRY--TOPICAL TERM
Topical term or geographic name entry element Demografía Fecundidad humana
9 (RLIN) 3615
942 ## - ADDED ENTRY ELEMENTS (KOHA)
Source of classification or shelving scheme Dewey Decimal Classification
Koha item type Books
Existencias
Withdrawn status Lost status Source of classification or shelving scheme Materials specified (bound volume or other part) Damaged status Not for loan Home library Current library Shelving location Date acquired Source of acquisition Cost, normal purchase price Total Checkouts Full call number Barcode Date last seen Copy number Price effective from Koha item type
    Dewey Decimal Classification Donación--15/04/2018--     Biblioteca Pública José María del Castillo y Rada Biblioteca Pública José María del Castillo y Rada General Stacks 11/28/2019 Donación 0.00   304.6 / B155p 430004045 05/16/2024 Ej.1 11/28/2019 Books